| 000 | 00733nam a2200217 a 4500 | ||
|---|---|---|---|
| 001 | 84784 | ||
| 003 | BD-RjUL | ||
| 005 | 20250408125211.0 | ||
| 008 | 250408s1953 enk||||| |||| 00| 0 eng d | ||
| 035 | _a(BD-RjUL)84784 | ||
| 040 |
_aBD-RjUL _beng _cBD-RjUL |
||
| 041 | _aeng | ||
| 082 |
_223 _a330.94897 _bLAF 1953 |
||
| 100 |
_aWright, J. H. _915199 |
||
| 245 |
_aFinland : _beconomic and commercial conditions in Finland, September,1952 / _cJ. H. Wright |
||
| 264 |
_aLondon : _bPublished for the Commercial Relations and Exports Department, Board of Trade, by H.M.S.O., _c1949 |
||
| 300 |
_a100 p.; _bill.; _c25 cm. |
||
| 650 |
_aEconomic history _zFinland _915197 |
||
| 650 |
_aEconomic surveys Finland _915198 |
||
| 942 |
_2ddc _cBK |
||
| 999 |
_c84784 _d84784 |
||